Normal view MARC view

Entry Nombre personal

Number of records used in: 2

001 - NÚMERO DE CONTROL

  • campo de control: 1128

003 - IDENTIFICADOR DE NÚMERO DE CONTROL

  • campo de control: DLC

005 - FECHA Y HORA DE LA ÚLTIMA TRANSACCIÓN

  • campo de control: 20260425095721.0

008 - ELEMENTOS DE DATO DE LONGITUD-FIJA

  • campo de control de longitud fija: 911204n| acannaabn |n aba

010 ## - NÚMERO DE CONTROL DE LA BIBLIOTECA DEL CONGRESO

  • Número de control de LC: n 91122594

035 ## - NÚMERO DE CONTROL DEL SISTEMA

  • Número de control de sistema: (OCoLC)oca03069767

040 ## - FUENTE DE CATALOGACIÓN

  • Centro catalogador/agencia de origen: DLC
  • Lengua de catalogación: eng
  • Centro/agencia transcriptor: DLC
  • Centro/agencia modificador: DLC
  • Centro/agencia modificador: NmU
  • Centro/agencia modificador: DLC

100 1# - ENCABEZAMIENTO-NOMBRE DE PERSONA

  • Nombre de persona: Johnson, Gordon

670 ## - FUENTE DE DATOS ENCONTRADOS

  • Cita de la fuente: [Compiler of The kirkyard of Peterculter]

670 ## - FUENTE DE DATOS ENCONTRADOS

  • Cita de la fuente: His The kirkyard of Peterculter, 1988:
  • Información encontrada: cover (Gordon Johnson)

670 ## - FUENTE DE DATOS ENCONTRADOS

  • Cita de la fuente: BLAISE 12/90
  • Información encontrada: (Johnson, Gordon)

670 ## - FUENTE DE DATOS ENCONTRADOS

  • Cita de la fuente: [Illustrator of Joshua James]

670 ## - FUENTE DE DATOS ENCONTRADOS

  • Cita de la fuente: Boning, R.A. Joshua James, 1972:
  • Información encontrada: t.p. (Gordon Johnson)

670 ## - FUENTE DE DATOS ENCONTRADOS

  • Cita de la fuente: [Author of Rez dogs eat beans and other tales]

670 ## - FUENTE DE DATOS ENCONTRADOS

  • Cita de la fuente: Rez dogs eat beans and other tales, 2001:
  • Información encontrada: t.p. (Gordon Johnson) p. 4 of cover (Cahuilla/Cupeño Indian from the Pala Reservation in S. Calif.; wrote columns and features for the Press-Enterprise; lives in Pala, Calif.)